| 000 | 00807nam a22002297a 4500 | ||
|---|---|---|---|
| 999 |
_c7164 _d7164 |
||
| 003 | AR-CdUCM | ||
| 008 | 190320b ||||| |||| 00| 0 spa d | ||
| 040 |
_aMUNICIPALIDAD PROVINCIAL DEL CUSCO _cBIBLIOTECA MUNICIPAL DEL CUSCO |
||
| 041 | _hfr | ||
| 082 |
_a301.20 / _bB32 |
||
| 100 |
_aBesse, Guy _96818 |
||
| 245 | _aPráctica social y teoría / | ||
| 260 |
_aMéxico : _bGrijalbo, _c1969. |
||
| 300 |
_a154 páginas ; _c18 cm. |
||
| 440 |
_aColección 70 _n48 _920200 |
||
| 505 | _aContenido: La practica Social -- La practica, origen del conocimiento -- La practica, criterio del conocimiento -- Observaciones sobre el agnosticismo kantiano... | ||
| 650 |
_aSociología Política _96587 |
||
| 650 |
_aCiencias sociales _91096 |
||
| 650 |
_aHumanidades _9641 |
||
| 942 |
_2ddc _cLIBROS |
||
| 945 | _adavv | ||